Welcome to WEB OPAC of MRSPTU Central Library

Fundamentals of BioChemistry (Record no. 7636)

MARC details
000 -LEADER
fixed length control field 00388nam a2200157Ia 4500
008 - FIXED-LENGTH DATA ELEMENTS--GENERAL INFORMATION
fixed length control field 230711s9999||||xx |||||||||||||| ||und||
020 ## - INTERNATIONAL STANDARD BOOK NUMBER
International Standard Book Number 978-93-528-3830-1
041 ## - LANGUAGE CODE
Language code of text/sound track or separate title ENG
082 ## - DEWEY DECIMAL CLASSIFICATION NUMBER
Classification number 572
Item number JA-B
100 ## - MAIN ENTRY--PERSONAL NAME
Personal name Jain,J.L.
245 #0 - TITLE STATEMENT
Title Fundamentals of BioChemistry
260 ## - PUBLICATION, DISTRIBUTION, ETC.
Date of publication, distribution, etc. 2022
Place of publication, distribution, etc. New Delhi
Name of publisher, distributor, etc. S Chand and Company Limited
300 ## - PHYSICAL DESCRIPTION
Extent 1615p.
650 ## - SUBJECT ADDED ENTRY--TOPICAL TERM
Topical term or geographic name entry element Agriculture
942 ## - ADDED ENTRY ELEMENTS (KOHA)
Koha item type Book
Holdings
Withdrawn status Lost status Damaged status Not for loan Collection Home library Current library Date acquired Source of acquisition Cost, normal purchase price Inventory number Total checkouts Full call number Barcode Date last seen Price effective from Koha item type Date last checked out
          MRSPTU Central Library MRSPTU Central Library   Technical Bureau India PVT.LTD 699.00 TB48044713   572 JA-B P2433 08/17/2023 08/17/2023 Book  
          MRSPTU Central Library MRSPTU Central Library           572 JA-B P2434 08/17/2023 08/17/2023 Book  
          MRSPTU Central Library MRSPTU Central Library         1 572 JA-B P2435 01/10/2024 08/17/2023 Book 01/02/2024
          MRSPTU Central Library MRSPTU Central Library           572 JA-B P2436 01/29/2024 08/17/2023 Book  

Website Designed and Developed by MRSPTU Central Library Team

E-mail Id: librarian@mrsptu.ac.in